000 00743cam a22002291 4500
001 sg 46000272
003 DLC
005 20260227112750.0
008 730627s1946 nyua 001 0 eng c
010 _asg 46000272
035 _a(OCoLC)647158
040 _aU.S. Army Medical Library
_cODaWU
_dNBrockU
_dDLC
042 _apremarc
050 0 0 _aRJ61
_b.S76
060 _aWS113
_b.S762c 1946
100 1 _aSpock, Benjamin,
_d1903-1998.
245 1 4 _aThe common sense book of baby and child care,
_cby Benjamin Spock. With illustrations by Dorothea Fox.
260 _aNew York,
_bDuell, Sloan and Pearce
_c[1946]
300 _a6 p. l., 527 p.
_billus. (incl. diagrs.)
_c21 cm.
650 0 _aInfants
_xCare and hygiene.
650 0 _aChild care.
999 _c90846
_d90846